000 00514nam a2200169Ia 4500
003 OSt
005 20250716145329.0
008 190216s9999||||xx |||||||||||||| ||und||
020 _a9789382934417
040 _coclc
082 _a305.48697
_bENG/I
100 _aEngineer, Asghar Ali
_91798
_d1939-2013.
245 0 _aIslamika Feminisam /
_cAsghar Ali Engineer
260 _bOlive Publications,
_c2015.
_aKozhikode:
300 _a178p
942 _cBK
_2ddc
_h305.48697
_iENG/I
_k305.48697
_mENG/I
999 _c23303
_d23303